000 002940000a22001330004500
020 _a1-55799-100-6
082 0 4 _aTF Ev151s
100 1 _aEvans, Joy
245 1 0 _aSimple science experiments / Joy Evans
260 _aMonterey : Evan Moor Corp
300 _a48 P.
001 1358
942 _cLGB
999 _c48525
_d48525